000 00882nam a2200241 4500
999 _c2689
_d2689
003 BJBSDDR
005 20230404125703.0
007 ta
008 060907s2002 mx spa
020 _a9707040335
020 _a9789707040335
040 _bspa
_cBJBSDDR
041 _aspa
050 1 4 _aLA 427
_bM385f 2002
100 1 _aMartínez Rizo, Felipe
245 1 3 _aLa federalización de la educación superior en México :
_balcances y limitaciones del proceso en la década de los años noventa /
_cFelipe Martínez Rizo.
260 _aMéxico, D.F. :
_bAnuies,
_cc2002.
300 _a176 p. ;
_c23 cm.
440 0 _aBiblioteca de la educación superior.
_pSerie Investigaciones
650 4 _9445
_aUniversidades y colegios
_zMéxico
710 2 _99439
_aAsociación Nacional de Universidades e Instituciones de Educación Superior (ANUIES)
942 _2lcc
_cBK